| 000 | 00435nam a2200169Ia 4500 | ||
|---|---|---|---|
| 005 | 20250306061744.0 | ||
| 008 | 240331s9999 xx 000 0 und d | ||
| 082 |
_bKAT _25781 _a894.812 |
||
| 245 | 0 | _aKaattavarayan Naatakam | |
| 260 |
_aJaffna _bFolk Arts Panel, Cultural Council _c1986 |
||
| 300 | _axxx, 172 p., | ||
| 650 | _aBallads | ||
| 650 | _aTamil Literature | ||
| 650 | _aArts | ||
| 700 |
_aBalasundaram, E _eedt |
||
| 942 | _cL | ||
| 999 |
_c4171 _d4171 |
||